000 00348cam a22001097a 4500
008 180718b1984 xxu||||| |||| 00| 0 eng d
082 _aT000x54 In2ep
100 _aKhusro, A.M.
245 _aEconomic planning and national development
_cby A.M. Khusro
260 _aNew Delhi
_bDepartment Of Personnel And Administrative Reforms
_c1984
300 _a13p.
999 _c496765
_d496765